| 000 | 00428nam a2200157Ia 4500 | ||
|---|---|---|---|
| 008 | 230312s9999||||xx |||||||||||||| ||und|| | ||
| 020 | _a0-7645-3309-6 | ||
| 082 |
_a005.43 _bSTA |
||
| 100 | _aStanek William, R. | ||
| 245 | 0 | _aWindows NT Scripting Administrator's Guide | |
| 260 |
_bM&T BOOKS _aNew York _c1999 |
||
| 300 | _a478 | ||
| 546 | _aEng. | ||
| 650 |
_aComputer _vGetting Started , Scripting Command shell |
||
| 942 | _cBK | ||
| 999 |
_c2969 _d2969 |
||